banner-ar

AIRPORT CAREERS / (Record no. 15503)

MARC details
000 -الفاتح
حقل البيانات ثابتة الطول 00535nam a2200193Ia 4500
008 - عناصر البيانات ثابتة الطول - معلومات عامة
حقل البيانات ثابتة الطول 140319s9999 xx 000 0 eng d
040 ## - مصدر الفهرسة
وكالة الفهرسة الأصلية GCL /
وكالة النسخ GCL
082 04 - رقم تصنيف ديوى العشرى
رقم التصنيف 387.736
رقم المادة U A
100 1# - المدخل الرئيسى - إسم شخصى
الإسم الشخصى U.S DEPARTMENT OF TRANSPORTAION
245 10 - بيان العنوان
العنوان AIRPORT CAREERS /
بيان المسئوليه,etc U.S DEPARTMENT OF TRANSPORTAION
300 ## - الوصف المادى
التعداد 24 CM ؛
أبعاد الوعاء 9 P
490 ## - بيان السلسلة
عنوان السلسلة AVIATION CAREERS SERIES
رقم المجلد/ التعيين التسلسلي 0
650 04 - المدخل الاضافى بالموضوع-مصطلح موضوعى
مصطلح موضوعي AVIATION
650 04 - المدخل الاضافى بالموضوع-مصطلح موضوعى
مصطلح موضوعي AIRPORT
650 04 - المدخل الاضافى بالموضوع-مصطلح موضوعى
مصطلح موضوعي AIRPORT - U.S.A
942 ## - عناصر المدخل الإضافي( كوها)
مصدر التصنيف او مخطط الترفيف Dewey Decimal Classification
Koha [default] item type كتاب
260 ## - PUBLICATION, DISTRIBUTION, ETC. (IMPRINT)
-- [S.N] :
-- U.S DEPARTMENT OF TRANSPORTATION
Holdings
حالة التراجع حالة الفقد حالة تلف ليس للاعارة المكان المؤقت الموقع الحالى تاريخ الاكتساب اجمالي اﻻعارات رقم الطلب الباركود تاريخ اخر مشاهدة تاريخ تفعيل السعر نوع وعاء كوها
        مكتبة القاهرة الكبرى مكتبة القاهرة الكبرى 03/26/2014   387.736\U A 28666 03/26/2014 03/26/2014 كتاب
        مكتبة القاهرة الكبرى مكتبة القاهرة الكبرى 03/26/2014   387.736\U A 28667 03/26/2014 03/26/2014 كتاب

Powered By

EGPV